| 000 | 00534nam a2200181Ia 4500 | ||
|---|---|---|---|
| 999 |
_c7825 _d7825 |
||
| 003 | OSt | ||
| 005 | 20200130112822.0 | ||
| 008 | 190216s9999||||xx |||||||||||||| ||und|| | ||
| 020 | _a9780070483866 | ||
| 040 | _coclc | ||
| 082 |
_a332.644 _bVOH/F |
||
| 100 |
_aVohra, N D _91435 |
||
| 245 | 0 |
_aFutures And Options / _cN D Vohra ; B R Bagri |
|
| 250 | _a2nd ed. | ||
| 260 |
_bTata Mcgraw-Hill Education Private Limited, _c2011. _aNew Delhi: |
||
| 300 | _a384p | ||
| 942 |
_cBK _2ddc _h332.644 _iVOH/F _k332.644 _mVOH/F |
||